مفاهيم و إتجاهات حديثة في تعليم أطفال المدرسة الإبتدائية / (رقم التسجيلة. 62187)

تفاصيل مارك
000 -LEADER
fixed length control field 00608nam a22001817a 4500
005 - DATE AND TIME OF LATEST TRANSACTION
control field 20251108171755.0
008 - FIXED-LENGTH DATA ELEMENTS--GENERAL INFORMATION
fixed length control field 250721s9999 xx 000 0 ara d
082 14 - DEWEY DECIMAL CLASSIFICATION NUMBER
Classification number 372.2/محم
100 1# - MAIN ENTRY--PERSONAL NAME
Personal name شعلان، محمد سليمان
245 10 - TITLE STATEMENT
Title مفاهيم و إتجاهات حديثة في تعليم أطفال المدرسة الإبتدائية /
264 1# - PRODUCTION, PUBLICATION, DISTRIBUTION, MANUFACTURE, AND COPYRIGHT NOTICE
Place of production, publication, distribution, manufacture القاهرة :
Name of producer, publisher, distributor, manufacturer مكتبة غريب،
300 ## - PHYSICAL DESCRIPTION
Extent 132ص
650 17 - SUBJECT ADDED ENTRY--TOPICAL TERM
Topical term or geographic name as entry element التعليم الإبتدائي
700 1# - ADDED ENTRY--PERSONAL NAME
Personal name جاد الله، سعاد
700 1# - ADDED ENTRY--PERSONAL NAME
Personal name زيدان، محمد مصطفى
942 ## - ADDED ENTRY ELEMENTS (KOHA)
Source of classification or shelving scheme Dewey Decimal Classification
Koha item type كتب
المقتنيات
حالة السحب حالة الفقدان مصدر التصنيف حالة التلف غير قابل للإعارة المكتبة الرئيسية المكتبة الحالية موقع الرف تاريخ التزويد الرقم المتسلسل Total Checkouts رقم الإستدعاء تاريخ آخر ظهور تاريخ الفاتورة نوع المادة (كوها)
    Dewey Decimal Classification Unchecked   مكتبة الحسن العامة مكتبة الحسن العامة الإعارة 06/07/2004 67   372.2/محم 28/07/2025 06/07/2004 كتب
Implemented & Customized by: BBB with SCIT (Smart Chains for Information Technology)

Powered by Koha